000 00856nam a2200289Ia 4500
003 OSt
005 20220912144928.0
006 a|||||r|||| 00| 0
007 ta
008 220909b |||||||| |||| 00| 0 eng d
020 _a3527317864 (hbd)
024 _a75311
037 _b1612, 12/01/2007, The Book Seller
037 _cTextbook
040 _aCSL
_beng
_cCSL
041 _aeng
082 _aE1:7116, P6 TE
100 _aBreitmaier Eberhard
245 0 _aTerpenes:flavors,fragrances,pharmaca,pheromones
260 _aWeinheim Wiley
_bVCH Verlag GmbH
_c2006
300 _aix,214p
_ccm.
500 _aBibliography 180-196p; Index 197-214p
650 _a Terpens
650 _aChemistry
942 _hE1:7116, P6 TE
_cTB
_2CC
999 _c19273
_d19273